000 01058nam a2200301 a 4500
999 _c460037
_d460037
003 BLK
005 20250717101919.0
008 180411b bul|||||r ||||||| ||bul||
020 _a9789543987252
040 _aBLK
041 _aBUL
_cBUL
080 _aАнглийска литература
_b821.111
_x-31
_z821.111-31
100 1 _aДжеймс, Ерика
_eпърви автор
_9351086
139 _aДжеймс, Ерика
_bД 50
245 1 0 _aПисма от миналото
_bРоман
_cЕрика Джеймс ; прев. от англ. Петър Герасимов.
257 _aGBR
260 _aСофия
_bТруд
_c2022
_9209481
300 _a483 с.
_c21 см
380 _aX
700 _aКонстантинов-Герасимов, Петър Миронов
_9303110
852 _bП
_c821-31/Д 50 Е
852 _bЦб
_aЦб 315225
856 4 _qpdf
_i0.00
_ldisable
856 4 _qpdf
_i0.00
_ldisable
942 _cKNG
_n0
_0104
_s1
944 _aCR
_c2022-06-09
_k30530
_lМинев Младен
999 _d460037